000 004320000a22001810004500
003 MACL
005 20160129171729.0
008 160129b xxu||||| |||| 00| 0 eng d
040 _aMACL
_cMACL
041 _aEnglish
082 _a829/PED
100 _aFeder,Lillian
_935726
245 _aNaipaul's Truth
260 _bIndialog Publications
_c2001
_aNoida
350 _a295
650 _aEssays
_935727
942 _cBK
_k824/FEd
_2ddc
999 _c31391
_d31391